| 000 | 02263nam0a2200373 4500 | ||
|---|---|---|---|
| 001 | RU\NLR\bibl\1373855 | ||
| 005 | 20250615191345.0 | ||
| 010 |
_a978-5-7442-1474-6 _9500 |
||
| 021 |
_aRU _b2009-25149 _91487 |
||
| 035 | _a(NLR Aleph) 001365973 | ||
| 090 |
_a1011116 _c1011116 |
||
| 100 | _a20090528d2008 |||y0rusy50 ca | ||
| 101 | 0 |
_arus _deng |
|
| 102 | _aRU | ||
| 105 | _aa ||||||||| | ||
| 200 | 1 |
_aПроблемы долгосрочного прогнозирования пожарной опасности в лесах Хабаровского края и Еврейской автономной области по метеорологическим условиям _dThe problems of long-term forecast of fire risk in the forest of the Khabarovsk territory and Jewish autonomous region according to meteorological conditions _fГ.В. Соколова, Е.П. Тетерятникова _gРос. акад. наук, Дальневост. отд-ние, Ин-т водных и экол. проблем _zeng |
|
| 210 |
_aХабаровск _cДВО РАН _d2008 |
||
| 215 |
_a150 с. _cил. _d21 |
||
| 300 | _aАвт. также на англ. яз.: G.V. Sokolova, E.P. Teteryatnikova | ||
| 300 | _aРез. на англ. яз. | ||
| 320 | _aБиблиогр.: с. 130-148 (422 назв.) | ||
| 510 | 0 |
_aThe problems of long-term forecast of fire risk in the forest of the Khabarovsk territory and Jewish autonomous region according to meteorological conditions _zeng |
|
| 606 | 1 |
_aЛесные пожары _xПрогнозы по метеорологическим условиям _yХабаровский край _92583615 _3RU\NLR\auth\661527196 |
|
| 606 | 1 |
_aЛесные пожары _xПрогнозы по метеорологическим условиям _yЕврейская автономная область _92583613 _3RU\NLR\auth\661527194 |
|
| 686 | _aП348.1(2Р55-4Х-6Е) | ||
| 686 | _aП348.1(2Р55-4Х) | ||
| 700 | 1 |
_aСоколова _bГ. В. _gГалина Вадимовна _4070 |
|
| 701 | 1 |
_aТетерятникова _bЕ. П. _gЕкатерина Панфиловна _4070 |
|
| 801 | 0 |
_aRU _bNLR _c20090528 _gRCR |
|
| 801 | 1 |
_aRU _bNLR _c20090528 |
|
| 942 | _cBOOK | ||
| 980 | _aNB | ||
| 980 | _aNBR | ||